00860nam a2200193 a 450000100100000000500170001000800410002704000250006808200150009310000380010824500790014624600420022526000470026730000270031450000760034195201130041795201190053099900170064900004446920201002045409.0140702s2009 dr a 000 0 spa d aDO-SdBNPbspacBNPHU axxxxbxxxx1 aValdez, Bienvenido,d1956-97248910aMétodo de fabricación y ejecución de Marimbola /cBienvenido Valdez.10aEl tocador de la marimbola dominicana aSanto Domingo :bImpresos Pichardo,c2009. a67 p. :bil. ;c28 cm. aIncluye datos biográficos del autor en la solapa de la contracubierta 0010718PDaPDbPDcCTd2014-07-02iLF1l0oxxxx xxxxp44469-10r2020-06-25w2020-06-25yLFPDZNo se presta 0010718PDaPDbPDcCTd2014-07-02iLF1l0oxxxx xxxxp44469-20r2020-06-25te. 2w2020-06-25yLFPDZNo se presta c43958d43958